| 000 -ლიდერი |
| ფიქსირებული სიგრძის საკონტროლო ველი |
01082nam a2200241Ia 4500 |
| 001 - საკონტროლო ნომერი |
| საკონტროლო ველი |
23246 |
| 003 - საკონტროლო ნომრის იდენტიფიკატორი |
| საკონტროლო ველი |
GE_BSU |
| 005 - ბოლო ოპერაციის თარიღი და დრო |
| საკონტროლო ველი |
20251110155809.0 |
| 008 - ფიქსირებული სიგრძის მონაცემთა ელემენტები - ზოგადი ინფორმაცია |
| ფიქსირებული სიგრძის საკონტროლო ველი |
181216s1971||||ge |||||||||||||| ||geo|| |
| 040 ## - კატალოგიზაციის წყარო |
| Transcribing agency |
GE_BSU |
| 041 ## - ენის კოდი |
| Language code of text/sound track or separate title |
geo |
| 080 ## - უნივერსალური ათობითი კლასიფიკაციის ინდექსი |
| Universal Decimal Classification number |
326(3) + 94(37) ა-48 |
| 100 ## - მთავარი ჩანაწერი - პიროვნების სახელი |
| Personal name |
ალექსიშვილი, მათე |
| 9 (RLIN) |
19009 |
| 245 ## - ცნობა სათაურის შესახებ |
| Title |
მონობა ანტიკურ ქვეყნებში : |
| Remainder of title |
[ძველ საბერძნეთსა და რომში] / |
| Statement of responsibility, etc |
მათე ალექსიშვილი ; რედ. ნ. ლომოური. |
| 264 ## - წარმოების, გამოცემის, დისტრიბუციის და სხვა ცნობები |
| გამოცემის, წარმოების, დისტრიბუციის... ადგილი |
თბილისი : |
| გამოცემის, წარმოების, დისტრიბუციის... სახელწოდება |
თბილ. უნ-ტის გამ-ბა, |
| გამოცემის, წარმოების, დისტრიბუციის... თარიღი |
1971. |
| 300 ## - ფიზიკური აღწერა |
| Extent |
379გვ. : |
| Other physical details |
1 ფ. პორტრ. ; |
| Dimensions |
22 სმ. |
| 653 ## - INDEX TERM--UNCONTROLLED |
| Uncontrolled term |
ისტორია |
| 653 ## - INDEX TERM--UNCONTROLLED |
| Uncontrolled term |
მონობა ანტიკურ ქვეყნებში |
| 653 ## - INDEX TERM--UNCONTROLLED |
| Uncontrolled term |
ძველ საბერძნეთსა და რომში |
| 700 ## - ADDED ENTRY--PERSONAL NAME |
| Personal name |
ლომოური, ნ. |
| Relator term |
რედაქტორი |
| 9 (RLIN) |
26191 |
| 942 ## - ADDED ENTRY ELEMENTS (KOHA) |
| Koha item type |
წიგნი |
| Source of classification or shelving scheme |
|